000 00878nam a2200241 i 4500
001 13964
003 ES-MaACL
005 20230906150712.0
007 t|
008 980825s1998 sp ||||1| spa d
020 _a84-88006-38-1
080 _a75 Soto, Jesús (064.3)
100 1 _aSoto, Jesús.
_9107487
245 1 0 _aJesús Soto
_b: Centro Cultural del Conde Duque, Madrid, Junio-Agosto, 1998.
260 _aMadrid :
_bAyuntamiento, Cuarta Tenencia de Alcadía, Concejalía de Cultura, Educación, Juventud y Deportes,
_c[1998]
300 _a155 p. :
_bil. ;
_c28 cm.
600 1 4 _aSoto, Jesús-
_vExposiciones.
_9107488
655 7 _2tgfbne
_9193628
_aCatálogos de exposiciones
710 1 _aMadrid.
_bConcejalía de Cultura, Educación, Juventud y Deportes.
_95575
852 _aES-MaACL
_jL-21174
_bR.126699
942 _2udc
999 _c13964
_d13964